| 000 | 00491nam a2200205Ia 4500 | ||
|---|---|---|---|
| 005 | 20240823012810.0 | ||
| 008 | 240823s9999||||xx |||||||||||||| ||und|| | ||
| 020 | _a0-673-15407-6- | ||
| 041 | _aENGLISH | ||
| 082 | _A512.9 M1 | ||
| 100 | _a"Lial,Margaret L" | ||
| 245 | 0 | _aCollege Algebra | |
| 250 | _a3rd | ||
| 260 |
_c1981 _b"Scott,Foresman and Co.,London" |
||
| 500 | _aYES | ||
| 650 |
_aAlgebra _bMathematics |
||
| 700 | _a" Miller,Charles D" | ||
| 942 | _cBK | ||
| 999 |
_c165433 _d165433 |
||